Responses for Show #4126 - Monday, July 8, 2002

(Kermit the Frog: Hi-ho, Kermit the Frog here. Hey, I got a Jeopardy! clue. This game show features Miss Piggy. Give up? What is The Weakest Pork Link? [...She's not here, is she?])

Contestants

[<< previous game]

Steve Atkinson, a history teacher originally from Glasgow, Scotland

Jon Nuckles, an aspiring writer from Evanston, Illinois

Shelley Forbess, a 7th-grade science teacher from El Dorado, Arkansas (whose 1-day cash winnings total $20,000)

[next game >>]

Jeopardy! Round responses

SHOWTIME AT THE APOLLO PROGRAM
CHEESY COUNTRIES
(Alex: You give us the country; we'll give you the cheese.)
JOCK-ULARITY
CAR TROUBLE
ALONG I-80
"OO", SORRY!
    $200 1
Genesis

Jon
    $200 18
Italy

Shelley
    $200 2
autobiography

Jon
    $200 23
brake pads

Jon
    $200 9
New Jersey

Jon
    $200 11
(Jon: What is a teaspoon?)

spoonful

ShelleyJon
    $400 4
Snoopy

Shelley
    $400 19
(Jon: What is New Zealand?)

Australia

JonSteve
    $400 3
(Jon: What is correctly?)

Tom

ShelleyJon
    $400 24
oil leak

Triple Stumper
    $400 10
"Gary, Indiana"

Shelley
    $400 12
Goober

Shelley
    $600 5
17

Jon
    $600 20
Great Britain

Steve
    $600 6
Magic Johnson

Jon
    $600 25
(Steve: What is stalling?)

running out of gas

JonSteve
    $600 28
Des Moines

Shelley
    $600 13
lampoon

Shelley
    $800 16
Frank Borman

Triple Stumper
    $800 21
Mexico

Steve
    $800 7
(Shelley: What is the University of Tennessee?)

Florida St.

Shelley
Triple Stumper
    $800 26
joints

Jon
    $800 29
(Jon: What is Atlantic City?)

Reno

Jon
Triple Stumper
    $800 14
stoop

Shelley
    $1000 17
Pete Conrad

Triple Stumper
    $1000 22
Spain

Triple Stumper
    $1000 8
(Steve: Uh...)
(Alex: And neither can you.)
[Laughter]

Parthenon

JonSteve
    $1000 27
caution

Jon
    $800 30
San Francisco

Shelley
    $1000 15
Yahoos

Triple Stumper

Scores at the first commercial break (after clue 13):

Shelley Jon Steve
$1,600 $2,200 -$1,000

Scores at the end of the Jeopardy! Round:

Shelley Jon Steve
$4,000 $3,600 $200

Double Jeopardy! Round responses

ANCIENT TIMES
MOVIE MUSIC
3-NAMED AUTHORS
WHAT A CARD!
(Alex: Each response will be a playing card.)
COLLEGES & UNIVERSITIES
THE HOMOPHONICS GAME
    $400 1
gladiators

Jon
    $400 17
The Lion King

Jon
    $400 2
Henry Wadsworth Longfellow

Shelley
    $400 7
"Queen of Hearts"

Triple Stumper
    $400 24
(Alex: Yes, and just in the nick of time with a minute to go.)

Quebec

Shelley
    $400 11
yolk yoke

Jon
    $800 9
Nile

Jon
    $800 19
(Shelley: What is "It's Not Easy Being Green"?)

"The Rainbow Connection"

ShelleyJon
    $800 3
George Bernard Shaw

Shelley
    $800 8
King of Hearts

Steve
    $800 25
Lithuania

Jon
    $800 12
wry rye

Steve
    $1200 10
(Steve: What is Vesuvius?)

Etna

ShelleySteve
    $1200 20
When Harry Met Sally...

Jon
    $1200 4
Robert Louis Stevenson

Shelley
    $1200 23
King of Diamonds

Triple Stumper
    $1200 28
New York

Shelley
    $1200 14
worst wurst

Steve
    $1600 13
(Steve: Who are the Etruscans?)

Sabines

ShelleySteve
    $5,800 21
Bruce Springsteen

Jon
    $1600 5
William Butler Yeats

Jon
    $1600 26
two of hearts

Triple Stumper
    $1600 29
Tulsa

Shelley
    $1600 15
vain vein

Jon
    $5,000 18
(Jon: ...What is... Cape Horn?)

Actium

Jon
    $2000 22
Mahogany

Shelley
    $2000 6
John Stuart Mill

Triple Stumper
    $2000 27
queen of spades

Triple Stumper
    $2000 30
(Steve: What is Agriculture & Mechanics?)

Agricultural & Mechanical

ShelleySteve
    $2000 16
vice vise

Shelley

Scores at the end of the Double Jeopardy! Round:

Shelley Jon Steve
$17,600 $12,400 -$1,800

[wagering suggestions for these scores]

Final Jeopardy! Round responses

AMERICAN HISTORY
JonWhat is Virginia?
$12,400
ShelleyWhat is Virginia?
$7,201
Virginia

Final scores:

Shelley Jon Steve
$24,801 $24,800 -$1,800
2-day champion: $44,801 2nd place: $2,000 3rd place: $1,000

Game dynamics:

Coryat scores:

Shelley Jon Steve
$17,800 $13,200 -$1,800
21 R
(including 1 DD),
2 W
20 R
(including 1 DD),
5 W
(including 1 DD)
6 R,
5 W

Combined Coryat: $29,200

[game clues] [game scores] [suggest correction]

Game tape date: 2002-03-05
The J! Archive is created by fans, for fans. Scraping, republication, monetization, and malicious use prohibited; this site may use cookies and collect identifying information. See terms. The Jeopardy! game show and all elements thereof, including but not limited to copyright and trademark thereto, are the property of Jeopardy Productions, Inc. and are protected under law. This website is not affiliated with, sponsored by, or operated by Jeopardy Productions, Inc. Join the discussion at JBoard.tv.